Etnisitas dan Potensi Konflik di Ibu Kota Nusantara (Record no. 25500)

000 -LEADER
fixed length control field 00426nam a22001457a 4500
020 ## - INTERNATIONAL STANDARD BOOK NUMBER
ISBN 978-623-8376-68-1
084 ## - OTHER CLASSIFICATION OF CALL NUMBER
Call Number (Nomor Katalog) 173-0323 GUN His Bo.1
100 ## - MAIN ENTRY--AUTHOR NAME
Personal name (Pengarang) I Ketut Gunawan
245 ## - TITLE STATEMENT
Sub Title (Anak Judul) Etnisitas dan Potensi Konflik di Ibu Kota Nusantara
250 ## - EDITION STATEMENT
Edition statement (Edisi) Ke-1
260 ## - PUBLICATION, DISTRIBUTION, ETC. (IMPRINT)
Place of publication (Tempat Terbit/Kota) Samarinda
Name of publisher (Nama Penerbit) Mulawarman University Press
Year of publication (Tahun Terbit) 2025
300 ## - PHYSICAL DESCRIPTION
Number of Pages (Jumlah Halaman) i-xii + 134 hlm
650 ## - SUBJECT ADDED ENTRY--TOPICAL TERM
Topical Term (Topik 1) History (Sejarah)
Relator term (Topik 2) H-I-S
Form subdivision (Topik 3) Sejarah Perjalanan IKN
942 ## - ADDED ENTRY ELEMENTS (KOHA)
Koha item type Books (Buku)
Holdings
Withdrawn status Lost status Damaged status Not for loan Permanent Location (Lokasi Permanen) Current Location (Lokasi Sekarang) Shelving location (Lokasi Rak) Date acquired Full call number (Nomor Katalog) Barcode Price effective from Koha item type (Jenis Koleksi) Public note (Keterangan)
        Fisip Unmul Main Library Fisip Unmul Main Library Bookshelf 12/12/2025 173-0324 GUN His Bo.1 173032401 12/12/2025 Books (Buku) Sumbangan Dari I Ketut Gunawan dkk